| 000 | 00736nam a2200229 a 4500 | ||
|---|---|---|---|
| 001 | 20349 | ||
| 003 | CO-ViMGA | ||
| 008 | 141112s2004 ck r 000 u spa d | ||
| 020 | _a8466713220 | ||
| 040 |
_aCO-ViMGA _bspa _cCO-ViMGA |
||
| 082 | 0 | 4 | _aMIRe |
| 100 | 1 |
_aMirande, Jaqueline _929386 |
|
| 245 | 1 | 0 | _aCuentos y Leyendas de la edad media |
| 260 |
_aMadrid : _bAnaya, _c2002 |
||
| 300 | _a136p | ||
| 490 | _aTus libros de cuentos y leyendas, 3 | ||
| 590 | _aForma de adquisición : Premio Min Cultura - - Precio : 12935 - - Fecha de adquisición : Febrero 2005 | ||
| 650 | 1 | 4 |
_aAMOR CORTESANO - CUENTOS Y LEYENDAS _929387 |
| 650 | 1 | 4 |
_aCUENTOS INFANTILES _92743 |
| 650 | 1 | 4 |
_aEDAD MEDIA EN LA LITERATURA _92539 |
| 942 |
_2ddc _cBK |
||
| 999 |
_c29357 _d29357 |
||